| 000 | 00602nam a2200217Ia 4500 | ||
|---|---|---|---|
| 005 | 20250508164543.0 | ||
| 008 | 008 250505s9999 xx 000 0 eng d | ||
| 037 | _aTextual | ||
| 040 |
_aFEDL _beng _cFEDL |
||
| 041 |
_aeng _2eng |
||
| 084 |
_a370.19, PAT _qFEDL |
||
| 100 | _aPattanayak D P | ||
| 245 | 0 | _aLanguage, education and culture | |
| 260 |
_aMysore, India _bCentral Institue of Indian Languages _c1991 |
||
| 300 | _axii,299p. | ||
| 365 |
_aINR _b58 |
||
| 546 | _aMACESE | ||
| 650 | _aEducational sociology | ||
| 942 |
_cTEXL _h370.19, PAT |
||
| 999 |
_c1389760 _d1389760 |
||